00880nam a22002537a 45000010005000000030006000050050017000110080041000280200015000690400029000840500013001130820010001261000030001362450088001662500044002542600037002983000062003355050008003975200118004055210020005235210020005436500028005637000035005913582FISKH20250815130357.0240321b cb ||||| |||| 00| 0 eng d a0439186927 aFISKHbengcFISKHdFISKH aPZ7.N964 a813.6 aNumeroff, Laura eauthor  aWhat daddies- mommies do best /cby Laura Numeroff ; illustrated by Lynn Munsinger  aFirst Scholastic printing , April 2000  aNew York : bScholastic , c1998 a40 unnumbered pages : bcolor illustrations ; c26 cm .  aG  aMothers and fathers participating in everyday activities show their love for their children in very similar ways.8 a390 bLexile 8 aG bRaz-Plus  amother's day vFiction  aMunsinger, Lynn dillustrator